Guatemala: el ejército más importante de la región
Αποθηκεύτηκε σε:
| Μορφή: | Κείμενο |
|---|---|
| Θέματα: | |
| Ετικέτες: |
Προσθήκη ετικέτας
Δεν υπάρχουν, Καταχωρήστε ετικέτα πρώτοι!
|
MARC
| LEADER | 00000 a a2200000 04500 | ||
|---|---|---|---|
| 001 | 18076 | ||
| 003 | |||
| 040 | |||
| 245 | |a Guatemala: |b el ejército más importante de la región | ||
| 650 | |a FUERZAS ARMADAS | ||
| 650 | |a POLITICA | ||
| 650 | |a ARMAS | ||
| 650 | |a GUATEMALA | ||
| 773 | |g volumen 5, número 4; páginas 58-60 | ||
| 999 | |c 32933 |d 32933 | ||
| 773 | 0 | |0 42391 |9 4072 |a Agencia Latinoamericana de Información, ALAI |d Quito, Ecuador: ALAI |o 04157 |t ALAI: |x 08275564 (Servicio mensual de información y documentación) | |
